Danish e Rumi o Saadi (Record no. 327243)

000 -LEADER
fixed length control field 00362 a2200145 4500
001 - CONTROL NUMBER
control field 92170
020 ## - INTERNATIONAL STANDARD BOOK NUMBER
International Standard Book Number 9695038034
082 ## - DEWEY DECIMAL CLASSIFICATION NUMBER
Classification number 891.55 BAR
090 ## - LOCALLY ASSIGNED LC-TYPE CALL NUMBER (OCLC); LOCAL CALL NUMBER (RLIN)
-- 44133
-- 44132
100 ## - MAIN ENTRY--PERSONAL NAME
Personal name Barq, Dr. Ghulam Gilani
245 ## - TITLE STATEMENT
Title Danish e Rumi o Saadi
Statement of responsibility, etc. Barq, Dr. Ghulam Gilani
260 ## - PUBLICATION, DISTRIBUTION, ETC.
Place of publication, distribution, etc. Lahore
Name of publisher, distributor, etc. Al-Faisal
Date of publication, distribution, etc. 2012
300 ## - PHYSICAL DESCRIPTION
Extent 127p.
Other physical details Hb
500 ## - GENERAL NOTE
General note General Book
942 ## - ADDED ENTRY ELEMENTS (KOHA)
Institution code [OBSOLETE] CAE NUST
Call number prefix 891.55 BAR
Holdings
Withdrawn status Lost status Damaged status Not for loan Collection code Permanent Location Current Location Date acquired Total Checkouts Full call number Barcode Date last seen Price effective from Koha item type
          College of Aeronautical Engineering (CAE) College of Aeronautical Engineering (CAE) 04/03/2017   891.55 BAR CAE88531 04/05/2017 04/05/2017 Book
© 2023 Central Library, National University of Sciences and Technology. All Rights Reserved.